00265nam a2200097Ia 4500008004100000100002300041245002900064260004800093300000800141650001800149191201s2003 xx 000 0 und d aGABAY, J Jona than 0aTeach Yourself Marketing aN.DelhibHodder and Stoughton, Londonc2003 a243 aGeneral Books